[Event "Mumbai Wealth op U13 4th"]
[Site "Mumbai"]
[Date "2019.01.05"]
[Round "7"]
[White "Abhinav, Dubey"]
[Black "Kinkhabwala, Hrithik"]
[Result "0-1"]
[WhiteElo "1497"]
[BlackElo "1244"]
[PlyCount "86"]
[EventDate "2018.12.30"]
[EventType "swiss"]
[EventRounds "9"]
[EventCountry "IND"]
[SourceTitle "CBM 188 Extra"]
[Source "ChessBase"]
[SourceDate "2019.02.26"]
[SourceVersion "1"]
[SourceVersionDate "2019.02.26"]
[SourceQuality "1"]

1. e4 e5 2. Nf3 Nc6 3. d4 exd4 4. Bc4 Nf6 5. e5 d5 6. Bb5 Ne4 7. Nxd4 Bc5 8. Be3 Bd7 9. Bxc6 bxc6 10. 0-0 Qe7 11. f3 Nd6 12. f4 Nc4 13. Bc1 0-0 14. Kh1 f6 15. e6 Bxd4 16. exd7 Bxb2 17. Bxb2 Nxb2 18. Qd4 Nc4 19. Nc3 Qe3 20. Qxe3 Nxe3 21. Rf3 Nxc2 22. Rc1 Na3 23. Na4 Nc4 24. Nc5 Kf7 25. Re1 Rfd8 26. Rf2 Nd6 27. Rd2 Rab8 28. h3 Rb5 29. Rc2 Nc4 30. Re8 Rxe8 31. dxe8Q+ Kxe8 32. Ne6 Kf7 33. Nxc7 Rb2 34. Rc3 Rxa2 35. f5 Ke7 36. Rg3 Kd6 37. Rxg7 d4 38. Ne8+ Ke5 39. Rd7 Nb6 40. Rd6 Nd5 41. Rxc6 d3 42. Rc1 d2 43. Rd1 Ne3 0-1

[Event "Mumbai Wealth rating op 4th"]
[Site "Mumbai"]
[Date "2019.01.03"]
[Round "5"]
[White "Abhinav, Dubey"]
[Black "Devesh, Anand Naik"]
[Result "0-1"]
[WhiteElo "1497"]
[BlackElo "1763"]
[PlyCount "120"]
[EventDate "2018.12.30"]
[EventType "swiss"]
[EventRounds "9"]
[EventCountry "IND"]
[SourceTitle "CBM 188 Extra"]
[Source "ChessBase"]
[SourceDate "2019.02.26"]
[SourceVersion "1"]
[SourceVersionDate "2019.02.26"]
[SourceQuality "1"]

1. e4 c5 2. Nf3 e6 3. d3 Nc6 4. Nbd2 g6 5. g3 Bg7 6. Bg2 Nf6 7. 0-0 0-0 8. c3 d5 9. e5 Nd7 10. d4 b5 11. Re1 a5 12. Nf1 b4 13. Bg5 Qb6 14. Qd2 Ba6 15. Bh6 Rfb8 16. Qf4 Bxh6 17. Qxh6 cxd4 18. cxd4 Bxf1 19. Rxf1 Nxd4 20. Ng5 Nf8 21. g4 Nc6 22. Rae1 Qd4 23. Re3 Nxe5 24. h3 Nc4 25. Re2 Qf4 26. Qh4 Ne5 27. Rc2 f6 28. Nxe6 Nxe6 29. Bxd5 Nf3+ 30. Bxf3 Qxf3 31. Qg3 Nd4 32. Qxf3 Nxf3+ 33. Kg2 Nd4 34. Rc7 Nb5 35. Re7 Ra7 36. Rfe1 Rbb7 37. Re8+ Kg7 38. Rd8 Re7 39. Rc1 Rac7 40. Rcd1 Na7 41. R8d5 Nc6 42. Rc1 Ne5 43. Rxc7 Rxc7 44. Rxa5 Rc2 45. b3 Nd3 46. Ra7+ Kh6 47. Kf3 Nc1 48. Ra6 Rxa2 49. Rxf6 Nxb3 50. Rf7 g5 51. Rb7 Nd2+ 52. Ke3 b3 53. Rb6+ Kg7 54. Rb7+ Kf6 55. f4 b2 56. fxg5+ Kxg5 57. Rb5+ Kf6 58. Rb6+ Ke5 59. Rb5+ Kd6 60. Kxd2 b1Q+ 0-1

[Event "Mumbai Wealth op U13 4th"]
[Site "Mumbai"]
[Date "2019.01.01"]
[Round "3"]
[White "Abhinav, Dubey"]
[Black "Thatavarthy, Siva Suhas"]
[Result "1-0"]
[WhiteElo "1497"]
[BlackElo "1173"]
[PlyCount "93"]
[EventDate "2018.12.30"]
[EventType "swiss"]
[EventRounds "9"]
[EventCountry "IND"]
[SourceTitle "CBM 188 Extra"]
[Source "ChessBase"]
[SourceDate "2019.02.26"]
[SourceVersion "1"]
[SourceVersionDate "2019.02.26"]
[SourceQuality "1"]

1. e4 c5 2. Nf3 d6 3. d4 cxd4 4. Nxd4 Nf6 5. Nc3 g6 6. Be3 Bg7 7. f3 0-0 8. Qd2 Nc6 9. Bc4 Bd7 10. 0-0-0 Qa5 11. Kb1 Rfc8 12. Bb3 Ne5 13. g4 b5 14. Nd5 Qxd2 15. Rxd2 Kf8 16. h4 Nc4 17. Bxc4 Rxc4 18. Nxf6 Bxf6 19. h5 Rac8 20. Nb3 R8c7 21. Bd4 Bxd4 22. Nxd4 Kg7 23. Nb3 Be6 24. Rdh2 Rc8 25. hxg6 hxg6 26. g5 Rg8 27. c3 Rcc8 28. Nd4 Bd7 29. Rh7+ Kf8 30. f4 Rc5 31. Nf3 Bg4 32. Nd2 Bh5 33. Kc2 e6 34. e5 d5 35. Nb3 Rc4 36. Nd4 b4 37. a3 bxc3 38. bxc3 Ke7 39. Rb1 Rc7 40. f5 exf5 41. e6 Rf8 42. exf7 Rxf7 43. Re1+ Kd6 44. Re6+ Kc5 45. Rxf7 Rxf7 46. Re5 Rc7 47. Re1 1-0

[Event "Mumbai Wealth rating op 4th"]
[Site "Mumbai"]
[Date "2019.01.01"]
[Round "3"]
[White "Tamhankar, Siddhant"]
[Black "Abhinav, Dubey"]
[Result "0-1"]
[WhiteElo "1704"]
[BlackElo "1497"]
[PlyCount "76"]
[EventDate "2018.12.30"]
[EventType "swiss"]
[EventRounds "9"]
[EventCountry "IND"]
[SourceTitle "CBM 188 Extra"]
[Source "ChessBase"]
[SourceDate "2019.02.26"]
[SourceVersion "1"]
[SourceVersionDate "2019.02.26"]
[SourceQuality "1"]

1. e4 c5 2. Nf3 d6 3. d4 cxd4 4. Nxd4 Nf6 5. Nc3 a6 6. Bc4 e6 7. Bb3 Nbd7 8. 0-0 Nc5 9. f4 b5 10. e5 Nfd7 11. Nf3 dxe5 12. fxe5 Be7 13. Qe2 0-0 14. Bf4 Bb7 15. Rad1 Rc8 16. Kh1 Qc7 17. a3 Qb6 18. Be3 Qc7 19. Bf4 Qb6 20. Ng5 h6 21. Nh3 Qc6 22. Rf3 Nxb3 23. cxb3 Nc5 24. Re3 Rfd8 25. Rf1 Nxb3 26. Rg3 Nd4 27. Qh5 Nf5 28. Rg4 g6 29. Rxg6+ fxg6 30. Qxg6+ Ng7 31. Bxh6 Qxg2+ 32. Qxg2 Bxg2+ 33. Kxg2 Nf5 34. Bg5 Bxg5 35. Nxg5 Ne3+ 36. Kf2 Nxf1 37. Kxf1 Rd2 38. Ne2 Rcc2 0-1